00919nas a2200241Ia 4500001001100000003000900011008004100020040001300061040001300074041001300087100003800100210003400138222003400172245010300206250001100309260004900320501008600369300001100455310001500466362001800481500014200499650003600641R034/66616IT-RoPAU151124c99999999xx |||||||||||| ||und|| aIT-RoPAU cIT-RoPAU aITALIANO aAA.VV. gCodice Aut. SPICS: 12000 aSEGNALAZIONI CINEMATOGRAFICHE aSegnalazioni Cinematografiche aSEGNALAZIONI CINEMATOGRAFICHE, 1986 (VOLUME 101)bSegnalazioni Cinematografiche, 1986 (Volume 101) a1a ed. aROMAbCENTRO CATTOLICO CINEMATOGRAFICOc1986 bPaulus - SPICS - Società San Paolo EM (non-commercial uses only)cCopyright2015 a248 p. aSEMESTRALE a (VOLUME 101) aSchede Filmografiche con Soggetto del Film, Valutazione Pastorale e Morale. Indici Alfabetici Secondo le Varie Classificazioni del C.C.C. aCINEMAvPUBBLICAZIONE PERIODICA